| 000 | 01585nam0a2200313 4500 | ||
|---|---|---|---|
| 001 | RU\NLR\bibl\1501826 | ||
| 005 | 20260406095928.0 | ||
| 010 |
_a978-5-94856-657-3 _9300 |
||
| 021 |
_aRU _b2010-16127 _91076 |
||
| 035 | _a(NLR Aleph) 001493281 | ||
| 090 |
_a1774775 _c1774775 |
||
| 100 | _a20100420d2009 |||y0rusy50 ca | ||
| 101 | 0 | _arus | |
| 102 | _aRU | ||
| 105 | _aa ||||||||| | ||
| 200 | 1 |
_aПодготовка предпринимателей и руководителей малого и среднего бизнеса _eинновационный цикл трудов для высшей школы _fА.Б. Крутик _gМ-во образования и науки Рос. Федерации, Правительство Ленинградской области, АОУ ВПО "Ленингр. гос. ун-т им. А.С. Пушкина" |
|
| 210 |
_aСанкт-Петербург _cАстерион _d2009 |
||
| 215 |
_a236 с. _cил. _d21 |
||
| 300 | _aНа 4-й с. обл. авт.: Крутик А.Б., д.э.н., проф., Засл. деят. науки Рос. Федерации | ||
| 320 | _aБиблиогр.: с. 18 (23 назв.) | ||
| 320 | _aСписок опубл. работ авт.: с. 19-25 | ||
| 606 | 1 |
_aБизнес-образование _92080040 _3RU\NLR\auth\661255946 |
|
| 686 | _aЧ489.3 | ||
| 700 | 1 |
_4070 _8rus _7ca _aКрутик _bА. Б. _f1945- _gАлександр Борисович _3RU\NLR\auth\7774487 _957415 |
|
| 801 | 0 |
_aRU _bNLR _c20100420 _gRCR |
|
| 801 | 1 |
_aRU _bNLR _c20100420 |
|
| 942 | _cBOOK | ||
| 980 | _aNB | ||